000
00266nam a2200097Ia 4500
082
_a
LP EF OLIV
245
0
_a
A disgraceful affair
100
_a
Oliver, Marina, , 1934- Leicester, 2009
_9
99796
942
_c
BK
008
210817s9999 xx 000 0 und d
999
_c
425237
_d
425236